Apprendre l’anglais endroits/places/lieux - Statistiques

Statistiques générales
  • Ce quiz a été pris 201 fois
  • Le résultat moyen est 18 sur 40
Statistiques - réponses
Français Anglais % Correct
Maison House / Home
100%
Hôpital Hospital
92%
Hotêl Hotel
81%
Parc Park
81%
Jardin Garden
80%
École School
74%
Aéroport Airport
71%
Restaurant Restaurant
70%
Cuisine Kitchen
69%
Plage Beach
66%
Magasin Shop / store
66%
Église Church
65%
Université University
65%
Chambre Bedroom
64%
Salle de bain Bathroom
63%
Toilettes Toilet / restroom / bathroom
61%
Appartement Flat / apartment
59%
Gare Station / train station
55%
Garage Garage
46%
Lycée Secondary school / high school
45%
Boulangerie Bakery
43%
Bibliothèque Library
41%
Discothèque Disco / night club
35%
Bureaux Office
35%
Commissariat de police Police station
35%
Salon Living room
33%
Cimetière Cemetery / graveyard
28%
Station service Gas station
28%
Salle de sport Gym
28%
Métro Underground
28%
Caserne de pompier Fire station
21%
Café (lieu) Café
14%
Poste Post office
14%
Salon de coiffure Hair salon / hairdressing salon
12%
Grenier Attic
7%
Port Harbour
7%
Hall d’entrée Entrance hall / entry hall
4%
Boucherie (magasin) Butcher’s shop
2%
Cave Cellar
2%
Débarras Storage room
1%
Aucun quiz correspondant
Distribution des résultats
% des personnes avec chaque résultat
Percentile par nombre de réponses
Votre historique - résultats
Vous n’avez pas pris ce quiz